| 000 | 01287cac a22003011u 4500 | ||
|---|---|---|---|
| 090 | _c9605 | ||
| 008 | 081116t1993 xxu||||| |||| 00| 0 eng d | ||
| 010 | _a92036145 | ||
| 020 | _a0898628946 | ||
| 082 | 0 | 0 |
_a177.3 _bLYI |
| 245 | 0 | 0 |
_aLying and deception in everyday life / _cMichael Lewis, Carolyn Saarni, editors. |
| 260 |
_aNew York : _bGuilford Press, _cc1993. |
||
| 300 |
_ax, 221 p. : _bill. ; _c23 cm. |
||
| 500 | _adistributer: AL-Ahram | ||
| 504 | _aIncludes bibliographical references and index. | ||
| 511 | _acatalogued by: wessam | ||
| 650 | 0 | _aDeception. | |
| 650 | 0 | _aSelf-deception. | |
| 650 | 0 | _aTruthfulness and falsehood. | |
| 700 | 1 |
_aLewis, Michael, _d1937 Jan. 10- |
|
| 700 | 1 | _aSaarni, Carolyn. | |
| 856 | 4 | 2 |
_3Contributor biographical information _uhttp://www.loc.gov/catdir/bios/guilford051/92036145.html |
| 856 | 4 | 2 |
_3Publisher description _uhttp://www.loc.gov/catdir/description/guilford051/92036145.html |
| 856 | 4 | 2 |
_3Table of contents _uhttp://www.loc.gov/catdir/toc/guilford041/92036145.html |
| 856 | 4 | 2 |
_3Sample text _uhttp://www.loc.gov/catdir/enhancements/fy0651/92036145-s.html |
| 942 |
_cBB _k177.3LYI _2ddc |
||
| 999 |
_c9605 _d9605 |
||